| 000 | 00522nam a22001577a 4500 | ||
|---|---|---|---|
| 999 |
_c12310 _d12310 |
||
| 008 | 190122b ||||| |||| 00| 0 eng d | ||
| 020 | _a971-118-135-5 | ||
| 082 |
_2©1993 _aDFil 174.2 _bT481 |
||
| 100 |
_aTimbreza, Florentino T. _96971 |
||
| 245 |
_aBioethics and moral decisions/ _cFloretino T. Timbreza |
||
| 260 |
_aManila, Philippines: _bDe La Salle University Press, _c©1993 |
||
| 300 |
_axvi, 235 pages; _c22 cm |
||
| 500 | _aIncludes bibliographical references. | ||
| 650 |
_aBioethics _934781 |
||
| 942 |
_2ddc _cDFIL |
||